Normal view
MARC view
Entry Topical Term
001 - CONTROL NUMBER
- control field: 21864
003 - CONTROL NUMBER IDENTIFIER
- control field: ARRUPE
005 - DATE AND TIME OF LATEST TRANSACTION
- control field: 20160127151605.0
008 - FIXED-LENGTH DATA ELEMENTS
- fixed length control field: 160127|| aca||aabn | a|a d
040 ## - CATALOGING SOURCE
- Original cataloging agency: ARRUPE
- Transcribing agency: ARRUPE
150 ## - HEADING--TOPICAL TERM
- Topical term or geographic name as entry element: Antiquities
- Geographic subdivision: Egypt
670 ## - SOURCE DATA FOUND
- Source citation: Work cat.: (ARRUPE)0: Spence, Lewis, 1874-1955. 21863, Myths and Legends of Ancient Egypt /, 1913